1512 1639 1163 1653 1676 1267 1140 1334 1720 1034 1414 1764 1778 1951 1699 1670 1174 1574 1032 1574 1033 1955 1444 1578 1497 1609 1268 1435 1567 1807 1101 1476 1787 1613 1276 1528 1028 1484 1771 1636 1675 1179 1617 1990 2000 1450 1273 1377 1977 1880 1177 1563 1891 1677 1109 1930 1557 1728 1724 1357 1513 1825 1733 1847 1192 1963 1135 1574 1572 1687 1564 1466 1726 1295 1910 1173 1460 1210 1200 1903 1784 1762 1389 1946 1588 1643 1249 1272 1301 1424 1220 1635 1595 1873 1902 1188 1639 1605 1287 BCNSPRNW ULIB Ver.6.0+V

เปลี่ยนเป็นภาษาไทย

Change to English
 แสดงรายละเอียดบรรณานุกรม
  กลับหน้าหลัก

Brief Record : Get Marc (ISO 2709) : E-mail record : QR code < ปิดหน้าต่าง
LEADER : 00000nam 2200000 a 4500
001    13399122468
003     ULIB
008    000426s2542 th d f000 0 tha d
099 00 ^aวพ. WI400 ^bน242ผ
100 0  ^aนุชรี ไล้พันธ์
245 10 ^aผลของโปรแกรมการสอนต่อการรับรู้ความสามารถของตนเอง และพฤติกรรมการดูแลช่องเปิดลำไส้ของผู้ป่วยผ่าตัดเปิดลำไส้ใหญ่ออกทางหน้าท้อง /^cนุชรี ไล้พันธ์
260    ^aเชียงใหม่ :^bบัณฑิตวิทยาลัย มหาวิทยาลัยเชียงใหม่,^c2542
300    ^aก-ฏ, 127 แผ่น :^bตาราง
500    ^aขาดหน้า 29 (ต้นฉบับไม่มี)
502    ^aวิทยานิพนธ์ (พยาบาลศาสตรมหาบัณฑิต (สาขาวิชาการพยาบาลอายุรศาสตร์และศัลยศาสตร์)) -- มหาวิทยาลัยเชียงใหม่
504    ^aบรรณานุกรม: แผ่น [78]-85
650  2 ^aDissertations, academic^xnursing
650  7 ^aลำไส้ใหญ่^xศัลยกรรม^xผู้ป่วย
650  7 ^aการดูแลสุขภาพด้วยตนเอง^zเชียงใหม่
710 20 ^aมหาวิทยาลัยเชียงใหม่.^bบัณฑิตวิทยาลัย
710 20 ^aมหาวิทยาลัยเชียงใหม่.^bสาขาวิชาการพยาบาลอายุรศาสตร์และศัลยศาสตร์
945    ^p0^l0^i011759
999    ^aเกษร โพธิ์สุวรรณ
รายการนี้ยังไม่มีแท็ก
คุณยังไม่ได้ล็อกอิน คุณสามารถมีกิจกรรมร่วมกับเว็บไซต์ได้ แต่ต้องล็อกอินก่อน ::
  ล็อกอิน

รายการสื่อสารสนเทศ

ลำดับที่ ประเภท เลขเรียก/บาร์โค้ด สถานที่ สถานะ
1. วิทยานิพนธ์
วิทยานิพนธ์
วพ. WI400 น242ผ  
  Barcode: 011759
ห้องสมุดวิทยาเขตสวรรค์ประชารักษ์
► วิทยานิพนธ์
บนชั้น

BibComment


ยังไม่เคยถูกคอมเมนท์

คอมเมนท์ทรัพยากรรายการนี้
  คอมเมนท์: ผลของโปรแกรมการส..


 Copyright 2026. Bcnsprnw @Library